संशयात्मा / (Record no. 148541)

MARC details
000 -LEADER
fixed length control field 01435nam a22002897a 4500
005 - DATE AND TIME OF LATEST TRANSACTION
control field 20171228154323.0
008 - FIXED-LENGTH DATA ELEMENTS--GENERAL INFORMATION
fixed length control field 171228b xxu||||| |||| 00| 0 eng d
010 ## - LCCN (DPL NO)
LC control number B-685464
020 ## - INTERNATIONAL STANDARD BOOK NUMBER
International Standard Book Number 9788171198993
Terms of availability 450.00
035 ## - SYSTEM CONTROL NUMBER
System control number B-685464
037 ## - SOURCE OF ACQUISITION
Source of stock number/acquisition राधाकृष्ण प्रकाशन
040 ## - CATALOGING SOURCE
Original cataloging agency dpl
Language of cataloging hn
082 ## - DEWEY DECIMAL CLASSIFICATION NUMBER
Classification number 821
100 ## - MAIN ENTRY--PERSONAL NAME
Personal name ज्ञानेन्द्रपति
9 (RLIN) 13743
245 ## - TITLE STATEMENT
Title संशयात्मा /
Statement of responsibility, etc ज्ञानेन्द्रपति
246 ## - VARYING FORM OF TITLE
Title proper/short title Sanshyatma
Remainder of title by Gyanendraparti
260 ## - PUBLICATION, DISTRIBUTION, ETC. (IMPRINT)
Place of publication, distribution, etc नई दिल्ली
Name of publisher, distributor, etc राधाकृष्ण प्रकाशन
Date of publication, distribution, etc 2016
270 ## - ADDRESS
Address 7/31, अंसारी रोड़, दरियागंज
City नई दिल्ली
Postal code 110002
Electronic mail address info@radhakrishanprakashan.com
300 ## - PHYSICAL DESCRIPTION
Extent 264पृ.
Dimensions 22सेमी (सजिल्द)
500 ## - GENERAL NOTE
General note साहित्य अकादमी पुरस्कार से सम्मानित
505 ## - FORMATTED CONTENTS NOTE
Formatted contents note राष्ट्रपति भवन
650 ## - SUBJECT ADDED ENTRY--TOPICAL TERM
Topical term or geographic name as entry element हिन्दी कथा साहित्य
9 (RLIN) 657
650 ## - SUBJECT ADDED ENTRY--TOPICAL TERM
Topical term or geographic name as entry element Hindi fiction
9 (RLIN) 13744
700 ## - ADDED ENTRY--PERSONAL NAME
Personal name
9 (RLIN) 13745
942 ## - ADDED ENTRY ELEMENTS (KOHA)
Source of classification or shelving scheme Dewey Decimal Classification
Item type Hindi Books
Classification part 821
Call number suffix ज्ञानेन्द्र
Holdings
Withdrawn status Lost status Source of classification or shelving scheme Damaged status Not for loan Collection code Home library Current library Date acquired Source of acquisition Cost, normal purchase price Total Checkouts Full call number Barcode Date last seen Copy number Cost, replacement price Koha item type
    Dewey Decimal Classification     Non-fiction Mobile Library Mobile Library 28/12/2017 राधाकृष्ण प्रकाशन/BR3262/16-12-17/758/16-12-17/28-12-17 450.00   821 ज्ञानेन्द्र B-685464 28/12/2017 1 450.00 Hindi Books

© Delhi Public Library
Hit Counter
free hit counter